Ako správne manažovať talent vo firme?

Ako sa má získať talent a ako riadiť. Ako sa má využiť, aby firma dosiahla úspech. Ako vytvoriť z talentov konkurenčnú výhodu firmy a dospieť k vysokým ziskom. To všetko možno zvládnuť pomocou talent manažmentu.

Gespeichert in:
Bibliographische Detailangaben
1. Verfasser: Hudáková, Ivana, 1976-
Format: Buchkapitel
Sprache:Slowakisch
Schlagworte:
Tags: Tag hinzufügen
Keine Tags, Fügen Sie das erste Tag hinzu!

MARC

LEADER 00000naa a2200000 4500
001 0133886
005 20240502083325.9
041 0 |a slo 
044 |a CZ 
245 1 0 |a Ako správne manažovať talent vo firme?  |c Ivana Hudáková 
520 |a Ako sa má získať talent a ako riadiť. Ako sa má využiť, aby firma dosiahla úspech. Ako vytvoriť z talentov konkurenčnú výhodu firmy a dospieť k vysokým ziskom. To všetko možno zvládnuť pomocou talent manažmentu. 
610 2 0 |a firmy 
610 2 0 |a talenty 
610 2 0 |a manažment 
100 1 |a Hudáková, Ivana, 1976-